Azerbaijani Baby Girl Names by Decade - Statistics

General Stats
  • This quiz has been taken 13 times
    11 since last reset
  • The average score is 5 of 32
Answer Stats
Decades Name % Correct
2020, 2000 Fatimə
83%
2010, 2000, 1990 Leyla
50%
2010, 2000, 1990, 1980 Aygün
33%
2020 Ayla
33%
2010, 1990 Aysel
33%
2010, 1990, 1980 Günay
33%
2020 Zəhra
33%
2000 Esmira
17%
1980 Gülnar
17%
2010, 1990, 1980 Günel
17%
2010, 1980 Könül
17%
2020 Melisa
17%
2020, 2000 Məryəm
17%
1990 Nərmin
17%
2020 Nilay
17%
2010 Sevda
17%
2010, 1990, 1980 Sevinc
17%
1980 Xəyalə
17%
2020 Aylin
0%
1980 Aynurə
0%
1990 Aytən
0%
2000 Diana
0%
2000 Elvira
0%
2000, 1990 Fidan
0%
2020 İnci
0%
2000 Kamilə
0%
2020 Mələk
0%
1980 Samirə
0%
2000, 1990 Səbinə
0%
2010 Təranə
0%
2010, 1980 Vüsalə
0%
2020 Zeynəb
0%
No matching quizzes found
Score Distribution
Percent of People with Each Score
Percentile by Number Answered
Your Score History
You have not taken this quiz since the last reset